Samuel Ramos /

En este estudio se aborda la figura de Samuel Ramos, su vida, sus influencias filosóficas, su emancipación mental, sus propios estudios acerca de la identidad del mexicano y sus cuestionamientos acerca de la filosofía en México.

Gardado en:
Detalles Bibliográficos
Autor Principal: Salazar Mallén, Rubén (autor)
Formato: Libro
Idioma:Lingua castelá
Publicado: México : Secretaría de Educación Pública, Subsecretaría de Asuntos Culturales, 1968, c1968
Series:(Cuadernos de Lectura Popular ; 136)
(La Honda del Espíritu)
Temas:
Etiquetas: Engadir etiqueta
Sen Etiquetas, Sexa o primeiro en etiquetar este rexistro!

MARC

LEADER 00000nam^a2200000^a^4500
001 000138027
005 20250521000000.0
009 20260310095414.966
037 |a Acervo ITESO - Biblioteca 
041 |a ESP 
082 |a 808. 88  |b CUA V. 136 
100 |a Salazar Mallén, Rubén  |e (autor) 
245 1 0 |a Samuel Ramos /  |c R. Salazar Mallén. 
264 4 |a México :  |b Secretaría de Educación Pública, Subsecretaría de Asuntos Culturales,  |c 1968, c1968 
300 |a 62 p. 
336 |a texto  |b txt  |2 rdacontenido 
337 |a sin mediación  |b n  |2 rdamedio 
338 |a volumen  |b nc  |2 rdasoporte 
440 1 |a (Cuadernos de Lectura Popular ;  |v 136) 
440 4 |a (La Honda del Espíritu) 
520 |a En este estudio se aborda la figura de Samuel Ramos, su vida, sus influencias filosóficas, su emancipación mental, sus propios estudios acerca de la identidad del mexicano y sus cuestionamientos acerca de la filosofía en México. 
649 |a XX 
650 |a Filósofos Mexicanos -  |x Biografías 
650 |a Humanismo -  |z México 
650 |a Filosofía -  |z México -  |x Historia 
650 |a Cultura -  |z México 
650 |a Identidad Cultural -  |z México 
650 |a Antropología Cultural -  |z México 
650 |a Filósofos Mexicanos 
650 |a Ramos, Samuel 
910 |a Fondo Salvador Reynoso Reynoso 
920 |a Impresos - Libros 
930 |a Fondos Especiales 
940 |a Literatura 
905 |a 112 
901 |a 0800014275  |b IT2  |c ESP  |u 20250521 
902 |a https://opac.biblio.iteso.mx/vufind/Record/000138027